| 000 | 00721nam a2200205Ii 4500 | ||
|---|---|---|---|
| 003 | JO-AjNU | ||
| 008 | 230605s9999||||xx |||||||||||||| ||und|| | ||
| 040 |
_aJO-AjNU _bara _erda _cJO-AjNU |
||
| 041 | _aara | ||
| 050 | 1 | 4 | _aTX911.P4.T3438 2010 |
| 100 | 3 |
_aالطائي، حميد عبد النبي, _eauthor _951225 |
|
| 245 | 0 | 0 | _aإدارة الموارد البشرية في صناعة الضيافة |
| 250 | _aط1 | ||
| 264 | 3 | 1 | _aعمان: دار زهران للنشر والتوزيع، 2010 |
| 300 | _a294ص | ||
| 336 |
_atext _btxt _2rdacontent |
||
| 337 |
_aunmediated _bn _2rdamedia |
||
| 338 |
_avolume _bnc _2rdacarrier |
||
| 650 | 4 |
_aموارد بشرية - ادارة - صناعة الضيافة _951226 |
|
| 999 |
_aA22613 _c26181 _d26181 |
||